000 00873nmm a2200277 a 4500
001 ocm000589457
003 TR-IsHL
005 20201028123001.0
008 110704s2008 tu tur
007 cr cn
020 _a9786055965358
035 _a589457
_b(N$T)
050 0 4 _aBP166
_b.A78 2008
090 0 4 _aBP166
_b.A78 2008
100 1 _aArvasi, Seyyid Ahmed
245 1 0 _aİlm-i hal
_h[electronic resource] /
_cSeyyid Ahmed Arvasi
250 _a1. bs.
260 _aİstanbul :
_bBilgeoğuz Yayınları,
_c2008
300 _a480 p.
650 4 _aFelsefe, Psikoloji ve Din
650 4 _aPhilosophy, Psychology and Religion
650 0 _aİslam dini
_x İlmihaller
650 0 _aIslam
_x ilmihals
650 7 _aRELIGION / Islam / General
_2bisacsh
856 4 0 _uhttp://search.ebscohost.com/login.aspx?direct=true&scope=site&db=e011xww&AN=589457
999 _c2161
_d2161